000 00483nam a2200181Ia 4500
005 20250326123706.0
008 250326s9999 xx 000 0 und d
037 _aTextbook
040 _aFMSL
_beng
_cFMSL
041 _aeng
_2eng
084 _aX71.44 M2
_qFMSL
100 _aMukherjee P
_9154703
245 0 _aNational budget
_cMukherjee P
260 _aDelhi
_bDelhi, Bahri Brothers
_c1982
300 _a50p
942 _cTB
_hX71.44 M2
999 _c1270524
_d1270524